000 00513nam a2200181Ia 4500
003 OSt
005 20240712164408.0
008 210210b1957 xxu||||| |||| 00| 0 eng d
040 _cAL
041 _aKannada
082 _a859/540
100 _aJAYALAKSHMI (M K) ಜಯಲಕ್ಷ್ಮಿ ಎಂ ಕೆ
_9173404
245 _aNindeya nele-1
_bನಿಂದೆಯ ನೆಲೆ ೧
260 _aBengaluru
_bStandard Book Dipo
_c1957
690 _aKannada Fiction
_9173405
906 _a021400
942 _2ddc
_cBK
999 _c145482
_d145482